Propuestas de manual organizacional y de funciones para la empresa envases plásticos sociedad anónima ENVASE S.A
Presenta una propuesta de manual organización y de funciones para la empresa envases plásticos sociedad anónima ENVASE S.A, el propósito del manual es facilitar el proceso de gestión técnica administrativa del personal, evitando cruces o duplicidad de funciones y responsabilidades dentro de la...
| Main Authors: | , , |
|---|---|
| Other Authors: | |
| Format: | Tesis Section = Libro |
| Language: | Undetermined Spanish |
| Published: |
Managua
UNI
2010
|
| Subjects: |
| LEADER | 01338nam a2200277Ia 4500 | ||
|---|---|---|---|
| 008 | 240830s9999 xx 000 0 und d | ||
| 040 | |a BIBLIOTECA-RUPAP Mon 658.402 F634 | ||
| 041 | |a spa | ||
| 082 | |a Mon 658.402 F634 | ||
| 100 | 1 | |a Flores Zelaya, Wendy Lissette | |
| 100 | 1 | |b Corea Morales, Alfonso Danilo | |
| 100 | 1 | |c Coca Zúniga, Oscar Javier | |
| 245 | 1 | 0 | |a Propuestas de manual organizacional y de funciones para la empresa envases plásticos sociedad anónima ENVASE S.A |
| 260 | |a Managua |b UNI |c 2010 | ||
| 300 | |a 111 p. :il. | ||
| 500 | |a Contiene: anexos e Incluye: CD. | ||
| 502 | |a Tesis (Ingeniero Industrial)- UNI, 2010. | ||
| 520 | 3 | |a Presenta una propuesta de manual organización y de funciones para la empresa envases plásticos sociedad anónima ENVASE S.A, el propósito del manual es facilitar el proceso de gestión técnica administrativa del personal, evitando cruces o duplicidad de funciones y responsabilidades dentro de la organización, dado que establece claramente los niveles de autoridad y sus niveles de dependencia. | |
| 650 | 7 | |a ORGANIZACIÓN INTERNA | |
| 650 | 7 | |b ESTRUCTURA ORGANIZACIONAL | |
| 650 | 7 | |c ADMINISTRACIÓN DE RECURSOS HUMANOS | |
| 650 | 7 | |d MANUAL DE FUNCIONES | |
| 700 | 1 | |a Tutor: |b Fuentes Espinoza, Oscar Danilo | |
| 942 | |c BK |2 ddc | ||
| 991 | |a TESIS | ||
| 999 | |c 17264 | ||